| 000 | 00948 a2200205 4500 | ||
|---|---|---|---|
| 003 | Nust | ||
| 005 | 20170207154043.0 | ||
| 020 | _a978-0-465-01408-8 | ||
| 040 | _cNust | ||
| 082 | 0 | 4 | _a658.4 |
| 100 | 1 | _aBennis, Warren G. | |
| 245 | 1 | 0 |
_aOn becoming a leader -(E-BOOK) _cWarren Bennis |
| 250 | _aRev. and updated ed. | ||
| 260 |
_aNew York : _bBasic Books, _c2009 |
||
| 300 | _axxxix, 254 s. | ||
| 500 | _aP堯msl.: "The leadership classic" | ||
| 500 | _aP堯msl.: "Twentieth anniversary edition" | ||
| 505 | _a Mastering the Context (Page-1) Understanding the Basics (Page-33) Knowing Yourself (Page-49) Knowing the World (Page-67) Operating on Instinct (Page-95) Deploying Yourself Strike Hard, Try Everything (Page-107) Moving Through Chaos (Page-135) Getting People on Your Side (Page-147) Organizations Can Help—or Hinder (Page-165) Forging the Future (Page-185) Epilogue to the Twentieth-Anniversary Edition (Page-199) | ||
| 650 | _aE-BOOK | ||
| 942 |
_2ddc _cBK |
||
| 999 |
_c192715 _d192715 |
||